000 00587nam a22001697a 4500
003 OSt
005 20260122052511.0
008 260122b |||||||| |||| 00| 0 eng d
020 _a0-393-97435-9.
040 _aDWCL-Main lib
_cOC
082 _aCirc. 973 In62 2003
245 _aInventing America :
_ba history of the United States / Pauline Maier...[et al]
260 _aN. Y. :
_bW. W. Norton & Company, Inc.,
_cc2003.
300 _axxvii (various paging) :
_bcolored illustration ;
_c25 cm.
650 _21. United States--History. I. Maier, Pauline.
942 _2ddc
_cBK-CIRC
_kCirc.
_n0
999 _c7693
_d7693